000 00492nam a2200181Ia 4500
005 20250326124628.0
008 250326s9999 xx 000 0 und d
037 _aTextbook
040 _aFMSL
_beng
_cFMSL
041 _aeng
_2eng
084 _aX:8:f L1
_qFMSL
100 _aRiordan T O
_9737692
245 0 _aPerspectives on resource management
_cRiordan T O
260 _aLondon
_bLondon, Pion
_c1971
300 _a183p
942 _cTB
_hX:8:f L1
999 _c1274474
_d1274474